01681nam a2200409 a 4500001001200000003000800012006001900020007001500039008004100054010001700095015001500112020001500127040002100142035002100163050002600184082001900210100002400229245010100253260007000354300001500424504006400439533015200503650007200655650004000727650005700767650004100824650004100865650003200906650002800938650002400966651004600990651004601036655002901082710001701111856012601128999001701254ebr10070258CaPaEBRm u cr cn|||||||||030905s2003 enk sb 001 0 eng  z 2003273340 aGBA3-X7566 z0521824702 aCaPaEBRcCaPaEBR a(OCoLC)77000829014aPR428.C64bR53 2003eb04a820.9/35542221 aRichards, Jennifer.10aRhetoric and courtliness in early modern literatureh[electronic resource] /cJennifer Richards. aCambridge, U.K. ;aNew York :bCambridge University Press,c2003. avi, 212 p. aIncludes bibliographical references (p. 195-207) and index. aElectronic reproduction.bPalo Alto, Calif. :cebrary,d2013.nAvailable via World Wide Web.nAccess may be limited to ebrary affiliated libraries. 0aEnglish literatureyEarly modern, 1500-1700xHistory and criticism. 0aCourts and courtiers in literature. 0aEnglish languageyEarly modern, 1500-1700xRhetoric. 0aConversationxHistoryy16th century. 0aConversationxHistoryy17th century. 0aConversation in literature. 0aCourtesy in literature. 0aHumanistszEngland. 0aEnglandxIntellectual lifey16th century. 0aEnglandxIntellectual lifey17th century. 7aElectronic books.2local2 aebrary, Inc.40uhttp://site.ebrary.com/lib/rucke/Doc?id=10070258zAn electronic book accessible through the World Wide Web; click to view c30575d30575